000 00596cam a2200205 4500
001 ##J96703
008 090401t1998 xxu||||| |||| 00| 0 eng d
020 _a058029515X
035 _a(Sirsi) u91360
041 0 4 _aeng
110 2 _aBritish Standards Institution
_9130
245 0 0 _aGuide to the principles of the conservation of historic buildings
260 _aLondon
_bBSI
_c1998
300 _aii, 26p.
_c30cm.
350 _a66
490 0 _aBS
_v7913: 1998
690 _aBUILT ENVIRONMENT-BUILDING MAINTENANCE AND REFURBISHMENT-BUILDING CONSERVATION
942 _n0
948 _c16/02/1999
999 _c97631
_d97631